000 00285nam a22001217a 4500
020 _aNA
082 _222
_a363.3498809
100 _aJunocl, Marcel.
245 _aWarrior with out weapons /
260 _bICRC Publications,
_cc 1982.
300 _a317 p, ;
_bNA
_c24 cm.
942 _2ddc
_cGEN
999 _c4170
_d4170